[Event "Zalakaros op"]
[Site "Zalakaros"]
[Date "1993.??.??"]
[Round "5"]
[White "Amrein, Roland"]
[Black "Szirmai, Eduard"]
[Result "1-0"]
[WhiteElo "2190"]
[BlackElo "2245"]

1.e4 g6 2.d4 Bg7 3.Nc3 d6 4.Nf3 c6 5.Be2 Nd7 6.O-O Qc7 7.Bg5 h6 8.Be3 b5
9.a3 a6 10.Qd2 Ngf6 11.h3 Bb7 12.Nh2 c5 13.f3 Rc8 14.d5 Nh5 15.Qe1 b4 16.Nd1 a5
17.f4 Nhf6 18.Nf2 O-O 19.Qd2 Rb8 20.Rab1 Qb6 21.c4 Ba6 22.Bd3 Qc7 23.Nf3 bxa3
24.bxa3 Nh7 25.Qc2 Rxb1 26.Rxb1 Nb6 27.Bd2 a4 28.Ba5 Rb8 29.Bxb6 Rxb6 30.Rxb6 Qxb6
31.Qxa4 Nf8 32.g4 Bc8 33.Qc6 Qb8 34.Qb5 Qa7 35.Qb3 Bd7 36.Bc2 Be8 37.Kf1 Nd7
38.Qa4 Qb8 39.Qb5 Nb6 40.Qb3 Qa7 41.Bd3 Qa5 42.Ke2 Ba4 43.Qb1 Bd7 44.e5 Na4
45.Ne4 Nc3+ 46.Nxc3 Qxc3 47.Qb7 Be8 48.Qxe7 Ba4 49.Qxd6 Bd1+ 50.Kxd1 Qxd3+
51.Nd2 Qxh3 52.Qd7 h5 53.Qc8+ Kh7 54.d6 hxg4 55.d7 Qh1+ 56.Kc2 g3 57.d8=Q g2
58.Qg8+ Kh6 59.Qh8+  1-0

[Event "Zouberi zt"]
[Site "Zouberi"]
[Date "1993.??.??"]
[Round "9"]
[White "Kalesis, Nikolaos"]
[Black "Arduman, Can"]
[Result "1-0"]
[WhiteElo "2310"]
[BlackElo "2390"]

1.e4 g6 2.d4 Bg7 3.Nc3 d6 4.f4 Nf6 5.Nf3 O-O 6.Bd3 Nc6 7.e5 dxe5 8.fxe5 Nh5
9.Be2 f6 10.e6 f5 11.d5 Nb4 12.Ng5 Nf6 13.Nf7 Qe8 14.a3 Na6 15.Nh6+ Kh8 16.Nf7+ Rxf7
17.exf7 Qxf7 18.Be3 b6 19.Bf3 Bb7 20.O-O Rd8 21.Qe2 Nb8 22.d6 c6 23.dxe7 Qxe7
24.Rad1 Re8 25.Rfe1 Qf7 26.Qd2 Nbd7 27.Bf4 Rxe1+ 28.Rxe1 Bf8 29.Bd6 Kg8 30.Bxf8 Qxf8
31.Qd4 Kg7 32.Qe3 Ng8 33.Ne2 Ndf6 34.Nd4 Qc8 35.Rd1 h6 36.Ne6+ Kf7 37.Nd8+ Kg7
38.Qe6 Qc7 39.Rd6 Bc8 40.Qe5 Kh7 41.Nxc6 Bd7 42.Re6 Qxe5 43.Rxe5 a6 44.Ne7 Kg7
45.Nxg8 Kxg8 46.b4 Kf7 47.c4 Ne8 48.c5 bxc5 49.Rxc5 Nd6 50.Be2 Bb5 51.Bxb5 axb5
52.a4 bxa4 53.Ra5 Ke6 54.Rxa4 g5 55.Ra7 h5 56.g3 g4 57.Rh7 Kd5 58.Rxh5 Kc4
59.Rh6 Nb5 60.Kf2 Kd5 61.Ke3 Ke5 62.Rh8 Nc3 63.Re8+ Kf6 64.Kd4 Nb5+ 65.Kc5 Nc7
66.Re2  1-0

[Event "Aalborg op"]
[Site "Aalborg"]
[Date "1994.??.??"]
[Round "2"]
[White "Pedersen, Jan"]
[Black "Andersen, Jens Knud"]
[Result "1/2-1/2"]
[WhiteElo "2305"]
[BlackElo "2275"]

1.e4 g6 2.d4 Bg7 3.Nc3 d6 4.Be3 Nd7 5.Qd2 c6 6.h4 Ngf6 7.f3 b5 8.Bh6 Bxh6
9.Qxh6 Qa5 10.Qd2 a6 11.Nge2 Nb6  1/2-1/2

[Event "Abierto op"]
[Site "Abierto"]
[Date "1994.??.??"]
[Round "7"]
[White "Garbisu, Unai"]
[Black "Soloviov, Sergei"]
[Result "1-0"]
[WhiteElo "2290"]
[BlackElo "2405"]

1.e4 g6 2.d4 Bg7 3.Nc3 d6 4.Be3 a6 5.a4 b6 6.Qd2 e6 7.Nge2 h6 8.g3 Bb7 9.Bg2 Ne7
10.O-O Nd7 11.Rad1 Nf6 12.h3 d5 13.e5 Nd7 14.g4 c5 15.f4 Nc6 16.f5 cxd4 17.fxe6 fxe6
18.Nxd4 Nxd4 19.Bxd4 Qe7 20.Qe3 O-O-O 21.Ne2 g5 22.Ng3 Rhf8 23.Nh5 Bh8 24.c3 Rxf1+
25.Rxf1 Rf8 26.Re1 Bc6 27.Bxb6 Bxa4 28.Bd4 Kc7 29.Ra1 Bb5 30.b3 Ra8 31.c4 Bc6
32.Rc1 Kd8 33.cxd5 Bxd5 34.Bxd5 exd5 35.Bb6+ Ke8 36.e6 Nf8 37.Re1 Rc8 38.Bd4 Bxd4
39.Qxd4 Nxe6 40.Rxe6 Qxe6 41.Ng7+ Ke7 42.Nxe6 Kxe6 43.Qb6+ Ke5 44.Qxa6 Rc3
45.Qg6 d4 46.Kf2 Rc2+ 47.Ke1 d3 48.Qxg5+ Kd4 49.Qd2 Rc6 50.g5 Re6+ 51.Kd1 Ra6
52.Qf4+  1-0

[Event "Akureyri"]
[Site "Akureyri"]
[Date "1994.??.??"]
[Round "?"]
[White "Kristjansson, Olafur"]
[Black "Petursson, Margeir"]
[Result "1-0"]
[WhiteElo "2235"]
[BlackElo "2550"]

1.e4 g6 2.d4 Bg7 3.Nc3 d6 4.Be3 a6 5.Qd2 b5 6.a4 b4 7.Nd1 a5 8.c3 Nf6 9.Bd3 Na6
10.Bh6 O-O 11.h3 e5 12.Ne2 Re8 13.Bxg7 Kxg7 14.f3 d5 15.Bb5 Bd7 16.dxe5 Rxe5
17.Qd4 Qe7 18.Bxd7 Nxd7 19.O-O Nf6 20.Ne3 Nc5 21.Rae1 Rd8 22.Rd1 Nb3 23.Qd3 Re8
24.Qc2 Nc5 25.cxb4 axb4 26.Nd4 b3 27.Qc3 Nxa4 28.Qxb3 Qd7 29.Nb5 Nc5 30.Qb4 Na6
31.Qa5 Qc8 32.Nxd5 c6 33.Nd6 Qd8 34.Nxe8+ Nxe8 35.Qxd8  1-0

[Event "Alcobendas op"]
[Site "Alcobendas"]
[Date "1994.??.??"]
[Round "4"]
[White "Izeta Txabarri, Felix"]
[Black "Damaso, Rui"]
[Result "1/2-1/2"]
[WhiteElo "2505"]
[BlackElo "2420"]

1.d4 d6 2.e4 g6 3.Nc3 Bg7 4.Be3 a6 5.Qd2 b5 6.f3 Nd7 7.a4 b4 8.Nd1 c5 9.c3 bxc3
10.bxc3 Qa5 11.Bd3 Ngf6 12.Ne2 O-O 13.Nb2 Nb6 14.O-O Be6 15.d5 Bd7 16.Bh6 c4
17.Bxg7 cxd3 18.Nd4 Rfc8 19.Bxf6 exf6 20.Rfc1 Nc4 21.Nxc4 Rxc4 22.Qxd3 Rac8
23.Ne2 f5 24.h3 fxe4 25.fxe4 Qc5+ 26.Kh2 Bxa4 27.Rf1 Bb5 28.Qf3 Qc7 29.Rac1 Qe7
30.Nd4 Qe5+ 31.Kh1 R4c7 32.Nxb5 axb5 33.Rb1 Re7 34.Rxb5 Kg7 35.Qf4  1/2-1/2

[Event "Altensteig-J"]
[Site "Altensteig"]
[Date "1994.??.??"]
[Round "?"]
[White "Huber, Armin"]
[Black "Schmaltz, Roland"]
[Result "1-0"]
[WhiteElo "2305"]
[BlackElo "2445"]

1.e4 g6 2.d4 Bg7 3.Nc3 d6 4.Nge2 Nf6 5.g3 O-O 6.Bg2 Nc6 7.h3 e5 8.Be3 exd4
9.Nxd4 Bd7 10.O-O Re8 11.Re1 a6 12.f4 h5 13.Nxc6 bxc6 14.Qd3 Qc8 15.Kh2 Rb8
16.b3 c5 17.Rad1 a5 18.Bf2 Bc6 19.Nd5 Nxd5 20.exd5 Bd7 21.Rxe8+ Qxe8 22.Be4 Qc8
23.h4 a4 24.Be1 axb3 25.axb3 Bg4 26.Rc1 Qe8 27.Bd2 Qd7 28.Bc3 Bxc3 29.Qxc3 Re8
30.Bd3 Qe7 31.Qd2 Bf3 32.Bc4 Qe4 33.Qf2 Bg4 34.Bb5 Re7 35.Bc4 Bd7 36.Rd1 Qf5
37.Rd2 Qh3+ 38.Kg1 Qf5 39.Re2 Rxe2 40.Qxe2 Qf6 41.Kh2 Qd4 42.Qe1 Qb2 43.Bd3 Bg4
44.Qe3 Kg7 45.Kg2 Qc3 46.Kf2 Bd1 47.Be4 Qb2 48.Qd2 Bg4 49.Qe3 Qa1 50.Qe1 Qb2
51.Qe3 Bc8 52.Kg2 Bb7 53.Qd3 Kf6 54.Qe3 Bc8 55.Qd3 Qa1 56.Qe3 Ba6 57.Kh2 Kg7
58.Kg2 Qd1 59.Qf2 Bb7 60.Qf3 Qd4 61.Qd3 Qxd3 62.cxd3 Ba6 63.d4 cxd4 64.Kf2 f5
65.Bf3 Bd3 66.Be2 Be4 67.Bc4 Kf8 68.Ke1 Ke7 69.Kd2 Kd8 70.b4 Kc8 71.Ke1 Kb7
72.Kd2 Kb6 73.Ke1 c6 74.dxc6 d5 75.c7 Kxc7 76.Bb5 Kd8 77.Kd2 Bb1 78.Bc6 Be4
79.b5 Ke7 80.b6 Kd8 81.Be8 Kc8 82.Bxg6 Kb7 83.Bxh5 Kxb6 84.Bg6  1-0

[Event "Altensteig"]
[Site "Altensteig"]
[Date "1994.??.??"]
[Round "9"]
[White "Gabriel, Christian"]
[Black "Bischoff, Klaus"]
[Result "1-0"]
[WhiteElo "2545"]
[BlackElo "2525"]

1.d4 g6 2.e4 Bg7 3.Nc3 d6 4.Nf3 a6 5.a4 b6 6.Bc4 e6 7.O-O Ne7 8.Qe2 h6 9.h3 O-O
10.Bf4 Bb7 11.Rad1 Nd7 12.Rfe1 Kh7 13.Bg3 Qb8 14.Ba2 Qa7 15.e5 d5 16.Qd3 c5
17.Ne2 b5 18.a5 b4 19.c3 bxc3 20.bxc3 Bc6 21.Nf4 Rab8 22.Bh4 Rfe8 23.Bxe7 Rxe7
24.h4 Kg8 25.Qe3 c4 26.h5 g5 27.Ne2 Rf8 28.Bb1 f6 29.exf6 Nxf6 30.Nxg5 Ng4
31.Qg3 Nxf2 32.Rf1 hxg5 33.Rxf2 Rxf2 34.Qxf2 Rf7 35.Qe3 Qe7 36.Bg6 Rf8 37.Rb1 Bb5
38.Ng3 Rf4 39.Ne2 Rf8 40.Ng3 Rf4 41.Nf5 Qf6 42.Rxb5 axb5 43.a6 e5 44.a7 Qa6
45.Nxg7 Qxa7 46.Ne6 Qa1+ 47.Kh2 Rh4+ 48.Kg3 Qd1 49.Bf7+  1-0

[Event "Alushta3"]
[Site "Alushta"]
[Date "1994.??.??"]
[Round "5"]
[White "Kruppa, Yuri"]
[Black "Korotylev, Alexey"]
[Result "1/2-1/2"]
[WhiteElo "2505"]
[BlackElo "2415"]

1.e4 g6 2.d4 Bg7 3.Nc3 d6 4.Be3 c6 5.h3 b5 6.Bd3 Nd7 7.Nf3 Bb7 8.O-O Qc7
9.Re1 e5 10.dxe5 dxe5 11.a4 b4 12.Nb1 a5 13.Nbd2 Ngf6 14.Nb3 O-O 15.Nfd2 Rfd8
16.Nc4 Ne8 17.Nc5 Nef6 18.Qf3 Bf8 19.Nxb7 Qxb7 20.Rad1 Kg7 21.b3 Qc7 22.Bc1 Ne8
23.Qg3 f6 24.f4 Nd6 25.f5 Nc5 26.fxg6 hxg6 27.Qh4 Nf7 28.Be3 Rab8 29.Kh1 Ne6
30.Qf2 Nd4 31.Rf1 Be7 32.Bc1 Rf8 33.Ne3 Nh6 34.Qg3 Rbd8 35.Nf5+ Nhxf5 36.exf5 g5
37.Rde1 Rh8 38.Re4 Qd6 39.Rg4 Rh5 40.Qf2 Rdh8 41.Be4  1/2-1/2

[Event "Aschach op"]
[Site "Aschach"]
[Date "1994.??.??"]
[Round "?"]
[White "Obran, Harald"]
[Black "Gerer, Josef"]
[Result "1/2-1/2"]
[WhiteElo "1940"]
[BlackElo "2215"]

1.d4 d6 2.e4 g6 3.Nc3 Bg7 4.f4 a6 5.Be2 b5 6.a3 Bb7 7.Nf3 Nd7 8.O-O e6 9.Re1 Ne7
10.Bd3 O-O 11.Be3 c5 12.Qd2 c4 13.Be2 Nf6 14.Ng5 h6 15.e5 Nfd5 16.Nge4 Nxc3
17.Nxc3 Nf5 18.Rad1 Nxe3 19.Qxe3 Qb6 20.Ne4 dxe5 21.fxe5 Bxe5 22.Nc5 Bg7
23.Nxb7 Qxb7 24.Bf3 Qb6 25.Bxa8 Rxa8  1/2-1/2

[Event "AUT-ch"]
[Site "Austria"]
[Date "1994.??.??"]
[Round "2"]
[White "Steiner, Bruno"]
[Black "Schlosser, Michael"]
[Result "1-0"]
[WhiteElo "2220"]
[BlackElo "2365"]

1.e4 g6 2.d4 Bg7 3.Nc3 d6 4.Be3 c6 5.Qd2 b5 6.h4 Nf6 7.f3 Nbd7 8.Nge2 h5
9.Ng3 a6 10.Bd3 e5 11.dxe5 Nxe5 12.O-O-O Qa5 13.Kb1 b4 14.Nce2 Be6 15.Nc1 c5
16.f4 Nxd3 17.Qxd3 O-O-O 18.f5 gxf5 19.Nxf5 Bxf5 20.exf5 Rhe8 21.Bf4 Re4
22.Qg3 Ng4 23.Qf3 Rxf4 24.Qxf4 d5 25.Rhe1 Bf6 26.g3 c4 27.Ne2 Re8 28.Qd6 Re4
29.c3 b3 30.a3 Be7 31.Qc6+ Kb8 32.Nf4  1-0

[Event "AUT-ch"]
[Site "Austria"]
[Date "1994.??.??"]
[Round "5"]
[White "Buerger"]
[Black "Humer, Wolfgang"]
[Result "1-0"]
[WhiteElo "2155"]
[BlackElo "2275"]

1.Nc3 g6 2.e4 Bg7 3.d4 d6 4.Bc4 Nf6 5.f3 Nbd7 6.Nge2 c6 7.Be3 b5 8.Bb3 O-O
9.Qd2 a5 10.a4 b4 11.Nd1 Ba6 12.c4 bxc3 13.bxc3 Rb8 14.Qc2 c5 15.c4 cxd4
16.Bxd4 Qc8 17.Qc3 Nc5 18.Bc2 Rb4 19.Ne3 Ne6 20.e5 dxe5 21.Bxe5 Bxc4 22.Rc1 Qa6
23.Nxc4 Qxc4 24.Qxc4 Rxc4 25.Bb3 Rb4 26.Bxe6 fxe6 27.Nd4 Bh6 28.Ra1 Nd7 29.Nc6 Nxe5
30.Nxb4 axb4 31.Ke2 Rc8 32.Rhe1 Rc2+ 33.Kf1 Nd3 34.Red1 b3 35.Rxd3 b2 36.Rb1 Rc1+
37.Rd1 Rc2 38.a5  1-0

[Event "AUT-ch"]
[Site "Austria"]
[Date "1994.??.??"]
[Round "5"]
[White "Neulinger, Manfred"]
[Black "Stuhlik, Marko"]
[Result "1/2-1/2"]
[WhiteElo "2260"]
[BlackElo "2230"]

1.e4 g6 2.d4 Bg7 3.Nc3 d6 4.Be3 a6 5.Nf3 b5 6.Bd3 Bb7 7.a3 Nd7 8.O-O Ngf6
9.h3 O-O 10.Qd2 e5 11.dxe5 dxe5 12.b4 Qe7 13.a4 c5 14.bxc5 Nxc5 15.axb5 axb5
16.Rxa8 Rxa8 17.Bg5 b4 18.Nd5 Bxd5 19.exd5 Nxd3 20.cxd3 Qd6 21.Bxf6 Bxf6
22.Rb1 Rb8 23.Qa2 Kg7 24.Nd2 Rb5 25.Ne4  1/2-1/2

[Event "AUT-chT"]
[Site "?"]
[Date "1994.??.??"]
[Round "?"]
[White "Seuss, Oswald"]
[Black "Frosch, Erich"]
[Result "1/2-1/2"]
[WhiteElo "2130"]
[BlackElo "2240"]

1.e4 g6 2.d4 Bg7 3.Nc3 d6 4.f4 Nf6 5.Nf3 O-O 6.Bd3 c5 7.dxc5 dxc5 8.e5 Nd5
9.Nxd5 Qxd5 10.Qe2 Nc6 11.Be4 Qd8 12.Be3 Qa5+ 13.c3 Bg4 14.O-O Rac8 15.h3 Bxf3
16.Bxf3 e6 17.Bf2 Bh6 18.Bh4 b5 19.a3 Qa4 20.Be4 Na5 21.Rad1 Nb3 22.g4 b4
23.f5 bxa3 24.bxa3 exf5 25.gxf5 Bg7 26.Bg3 c4 27.Bd5 Qxa3 28.e6 Qc5+ 29.Bf2 Qc7
30.exf7+ Kh8 31.Qf3 Rxf7 32.Bxf7 Qxf7 33.Bh4 gxf5 34.Rfe1 Rf8 35.Re7 Qg6+
36.Kh1 Qh6 37.Bf2 Nd2 38.Qg2 Bxc3 39.Rxa7 Rg8 40.Ra8 Qg6 41.Rxg8+ Qxg8 42.Be1 Qxg2+
43.Kxg2 Ne4 44.Bxc3+ Nxc3 45.Rd4 Kg7 46.Rxc4 Ne4 47.Rc6 Nf6 48.Kf3 Nh5 49.Ra6 h6
50.h4 Kh7 51.Ke3 Kg7 52.Kd4 Nf4 53.Ke5 Ng6+ 54.Kxf5 Nxh4+  1/2-1/2

[Event "AUT-chT"]
[Site "?"]
[Date "1994.??.??"]
[Round "?"]
[White "Supancic, Darko"]
[Black "Casagrande, Harald"]
[Result "1/2-1/2"]
[WhiteElo "2375"]
[BlackElo "2395"]

1.d4 d6 2.e4 g6 3.Nc3 Bg7 4.Nf3 Bg4 5.Be2 c6 6.Be3 Nf6 7.a4 O-O 8.a5 Nbd7
9.O-O e5 10.dxe5 Bxf3 11.Bxf3 Nxe5  1/2-1/2

[Event "AUT-chT"]
[Site "?"]
[Date "1994.??.??"]
[Round "?"]
[White "Brestian, Egon"]
[Black "Herzog, Adolf"]
[Result "1/2-1/2"]
[WhiteElo "2460"]
[BlackElo "2350"]

1.d4 g6 2.e4 Bg7 3.Nc3 d6 4.Be3 Nd7 5.Nf3 c6 6.a4 Ngf6 7.h3 O-O 8.Be2 e5
9.dxe5 Nxe5 10.Nxe5 dxe5 11.Qxd8 Rxd8 12.Bc4 Ne8 13.Rd1 Rxd1+ 14.Kxd1 Nc7
15.Kc1 Be6 16.Be2 Kf8 17.Rd1 Ke8 18.a5 Bf8 19.Na4 Bb4 20.Nc5 Bxa5 21.Nxb7 Bb6
22.Nc5 Ke7 23.Rd3 Nb5 24.Na6  1/2-1/2

[Event "AUT-chT2S 9394"]
[Site "AUT"]
[Date "1994.??.??"]
[Round "?"]
[White "Brod, Manfred"]
[Black "Pesek, Reinhard"]
[Result "1/2-1/2"]
[WhiteElo "2220"]
[BlackElo "2165"]

1.e4 g6 2.d4 Bg7 3.Nc3 d6 4.Be3 Nc6 5.d5 Nb8 6.Qd2 c5 7.f4 Nd7 8.Nf3 a6 9.a4 b6
10.Be2 Qc7 11.O-O Ngf6 12.h3 Bb7 13.g4 h6 14.Kg2 Nh7 15.Rad1 O-O-O 16.Bc4 Bxc3
17.Qxc3 f5 18.e5 Rdf8 19.Qd3 g5 20.gxf5 dxe5 21.fxe5 Nxe5 22.Nxe5 Qxe5 23.Bxa6 Nf6
24.a5 Nh5 25.Bxc5 bxc5 26.Bxb7+ Kxb7 27.Qb5+ Kc8 28.Qa6+ Kd8 29.Qa8+ Kd7
30.Qc6+ Kd8 31.Qa8+  1/2-1/2

[Event "AUT-chT2S 9394"]
[Site "AUT"]
[Date "1994.??.??"]
[Round "?"]
[White "Hresc, Vladimir"]
[Black "Kosanski, Stanko"]
[Result "1/2-1/2"]
[WhiteElo "2385"]
[BlackElo "2420"]

1.e4 g6 2.d4 Bg7 3.Nc3 d6 4.Nf3 Nf6 5.Be2 O-O 6.O-O Nc6 7.Bg5 Bg4 8.Nd2 Bxe2
9.Nxe2 h6 10.Bh4 e5  1/2-1/2

[Event "AUT-chT2S 9394"]
[Site "AUT"]
[Date "1994.??.??"]
[Round "?"]
[White "Kosanski, Stanko"]
[Black "Gazik, Igor"]
[Result "1-0"]
[WhiteElo "2420"]
[BlackElo "2410"]

1.e4 g6 2.d4 Bg7 3.Nc3 d6 4.Be3 Nf6 5.f3 Nc6 6.Qd2 O-O 7.Nge2 e5 8.d5 Ne7
9.O-O-O Ne8 10.g4 f5 11.h3 Bd7 12.Kb1 f4 13.Bf2 c5 14.dxc6 bxc6 15.Nc1 Be6
16.Bh4 Rf7 17.Nb3 Qc7 18.Na4 Nc8 19.Nbc5 dxc5 20.Nxc5 Bf6 21.Nxe6 Qe7 22.g5 Qxe6
23.gxf6 Nb6 24.Qc3 Nxf6 25.b3 Rd7 26.Rxd7 Nfxd7 27.a4 a5 28.Bf2 Kg7 29.h4 Kh6
30.Bh3 Qd6 31.Kc1 Qa3+ 32.Qb2 Qe7 33.Rd1 Rb8 34.Qc3 c5 35.Qxa5 c4 36.Kd2 cxb3
37.cxb3 Qa3 38.Qb5 Nc4+ 39.Qxc4 Rxb3 40.Ke2 Rxf3 41.Bxd7 Rc3 42.Qd5 Rc2+
43.Rd2 f3+ 44.Kf1 Qa1+ 45.Rd1 Qb2 46.Be3+ Kh5 47.Bd4 Qa3 48.Qxe5+ Kh6  1-0

[Event "AUT-chT2S 9394"]
[Site "AUT"]
[Date "1994.??.??"]
[Round "?"]
[White "Brod, Manfred"]
[Black "Gigerl, Erich"]
[Result "1-0"]
[WhiteElo "2220"]
[BlackElo "2345"]

1.e4 d6 2.d4 g6 3.Nc3 Bg7 4.Be3 c6 5.Qd2 Nd7 6.f3 b5 7.h4 h5 8.Nh3 Bb7 9.Be2 a6
10.O-O e6 11.Ng5 Qc7 12.a4 b4 13.Nd1 a5 14.c3 bxc3 15.bxc3 d5 16.Rb1 Ne7
17.Nf2 Ba6 18.Bxa6 Rxa6 19.Nd3 O-O 20.Bf4 Qa7 21.Bd6 Re8 22.Qf4 Bf6 23.Ne5 Nc8
24.Bb8 Nxb8 25.Qxf6 Nd6 26.Nexf7 Nxf7 27.Qxg6+ Kf8 28.Nh7+ Ke7 29.Qf6+ Kd6
30.e5+ Kd7 31.Qxf7+ Re7 32.Nf6+ Kc8 33.Qf8+  1-0

[Event "AUT-chT2S 9394"]
[Site "AUT"]
[Date "1994.??.??"]
[Round "?"]
[White "Kratschmer, Heinz"]
[Black "Semprimoschnig, C."]
[Result "0-1"]
[WhiteElo "2085"]
[BlackElo "2125"]

1.d4 g6 2.e4 Bg7 3.Nc3 d6 4.Nf3 Nf6 5.Be2 O-O 6.O-O Bg4 7.Be3 Nbd7 8.Qd2 Ne8
9.Rad1 c6 10.Bh6 Qc7 11.Qg5 Bxf3 12.Bxf3 e6 13.Rd3 Qd8 14.Qd2 Qe7 15.Nd1 Nb6
16.b3 e5 17.Bxg7 Nxg7 18.Re1 Ne6 19.c3 Nf4 20.Rde3 Rad8 21.Nb2 Rfe8 22.Nd3 Ne6
23.Qb2 Qf6 24.dxe5 dxe5 25.Rd1 Nf4 26.Nxf4 Rxd1+ 27.Bxd1 exf4 28.Re2 Qd6
29.Qc1 Qd3 30.Qc2 Qxc2 31.Bxc2 Nd5 32.Rd2 Nxc3 33.Rd7 Nxe4 34.Rxb7 Nc5  0-1

[Event "AUT-chT2S 9394"]
[Site "AUT"]
[Date "1994.??.??"]
[Round "?"]
[White "Krebs, Johann"]
[Black "Semprimoschnig, C."]
[Result "1-0"]
[WhiteElo "2085"]
[BlackElo "2125"]

1.d4 g6 2.e4 Bg7 3.Nc3 d6 4.Be3 c6 5.a4 Nf6 6.h3 O-O 7.Nf3 e5 8.dxe5 dxe5
9.Bc5 Qxd1+ 10.Rxd1 Re8 11.Bc4 Be6 12.Bxe6 Rxe6 13.Ke2 Nbd7 14.Ba3 Bf8 15.Bxf8 Nxf8
16.Nd2 Rd8 17.Ke3 Re7 18.Nc4 Rb8 19.Rd6 Ne8 20.Rd2 f6 21.Rhd1 Ne6 22.b4 Kf7
23.g3 h5 24.f4 exf4+ 25.gxf4 g5 26.f5 Nf4 27.h4 Rc8 28.Kf3 b5 29.Ne3 a6 30.Rh2 Ng7
31.Rg1 Rce8 32.hxg5 fxg5 33.Rxg5 Nd5 34.Nexd5 cxd5 35.Rhg2 dxe4+ 36.Kf4 Ne6+
37.fxe6+ Rxe6 38.Rg7+ Kf8 39.Rg8+ Kf7 40.R2g7+ Kf6  1-0

[Event "AUT-chT2S 9394"]
[Site "AUT"]
[Date "1994.??.??"]
[Round "?"]
[White "Riedner, Martin"]
[Black "Pesek, Reinhard"]
[Result "0-1"]
[WhiteElo "2175"]
[BlackElo "2165"]

1.e4 g6 2.d4 Bg7 3.Nc3 d6 4.Nf3 Nf6 5.Be2 c6 6.O-O O-O 7.a4 a5 8.Re1 Qc7
9.h3 e5 10.Be3 h6 11.Qd2 Kh7 12.dxe5 dxe5 13.Rad1 Be6 14.Bc5 Nbd7 15.Bxf8 Bxf8
16.Bf1 Nh5 17.g3 Bc5 18.Kg2 Rg8 19.Bc4 Bxc4 20.Qxd7 Qb8 21.Qd2 Be6 22.Ne2 Qc7
23.Nc1 Be7 24.Nd3 f6 25.Qc3 b6 26.b4 c5 27.bxc5 bxc5 28.g4 Ng7 29.Qd2 c4
30.Nc1 Bb4 31.c3 Be7 32.Nh2 Qc6 33.Qc2 f5 34.f3 f4 35.Ne2 Bh4 36.Rf1 Qc5
37.Qd2 Rb8 38.Rc1 Rd8 39.Qc2 Qe3 40.Rcd1 Rd3 41.Kh1 Bc8 42.Nc1 Rxc3 43.Qd2 Ra3
44.Qxa5 Rc3 45.Qxe5 Rc2 46.Qd4 Qa3 47.Qd6 Qe3 48.Qd4 Bg3 49.Qxe3 Rxh2+ 50.Kg1 fxe3
51.Rfe1 Rc2 52.Re2 Rc3 53.Ra2 Ba6 54.Rb2 Ra3  0-1

[Event "AUT-chT2S 9394"]
[Site "AUT"]
[Date "1994.??.??"]
[Round "?"]
[White "Stajcic, Nikola"]
[Black "Horvath, Tamas"]
[Result "0-1"]
[WhiteElo "2350"]
[BlackElo "2460"]

1.d4 g6 2.e4 Bg7 3.Nc3 d6 4.g3 Nf6 5.Bg2 O-O 6.Nge2 Na6 7.O-O c5 8.h3 cxd4
9.Nxd4 Nc5 10.Be3 a6 11.a4 Rb8 12.a5 Bd7 13.b4 Ne6 14.Nb3 Nc7 15.Qd3 Qe8
16.Rac1 Na8 17.Ba7 Rc8 18.Ne2 Be6 19.c4 Qa4 20.Nbd4 Qxb4 21.Nxe6 fxe6 22.Nd4 Nc7
23.Rb1 Qa4 24.Rxb7 Nd7 25.Bb6 Nc5 26.Bxc5 dxc5 27.Qb3 Qd7 28.Ne2 Qd2 29.Nf4 Qxa5
30.h4 Be5 31.Nd3 Bd4 32.e5 Qd2 33.Kh2 Kh8 34.f4 Ne8 35.Rxe7 Ng7 36.Rd1 Qe2
37.Re1 Qh5 38.Rf1 Nf5 39.Bf3 Qh6 40.Rxe6 Rb8 41.Rb6 Rbe8 42.Rxa6 Nxh4 43.gxh4 Rxf4
44.Nxf4 Qxf4+ 45.Kg2 Bxe5 46.Rh1 Qg3+ 47.Kf1 Bd4  0-1

[Event "AUT-chT2S 9394"]
[Site "AUT"]
[Date "1994.??.??"]
[Round "?"]
[White "Kiss, Attila"]
[Black "Marangunic, Srdjan"]
[Result "1/2-1/2"]
[WhiteElo "2345"]
[BlackElo "2460"]

1.d4 d6 2.e4 g6 3.Nc3 Bg7 4.Nge2 c6 5.a4 Nf6 6.g3 O-O 7.Bg2 e5 8.h3 exd4
9.Nxd4 Na6 10.O-O Re8 11.Re1 Nb4 12.Nb1 d5 13.c3 Na6 14.exd5 Rxe1+ 15.Qxe1 Nxd5
16.Na3 Nc5 17.Nac2 Ne6 18.a5 a6 19.h4 Nxd4 20.Nxd4 Bg4 21.Bg5 Qd7 22.Qd2 Re8
23.Re1 Rxe1+ 24.Qxe1 h6 25.Bd2 Qd8 26.Nb3 Nf6  1/2-1/2

[Event "Bad Ragaz op"]
[Site "Bad Ragaz"]
[Date "1994.??.??"]
[Round "5"]
[White "Glek, Igor V"]
[Black "Polzin, Rainer"]
[Result "1-0"]
[WhiteElo "2590"]
[BlackElo "2375"]

1.e4 g6 2.d4 Bg7 3.Nc3 d6 4.f4 a6 5.Nf3 Nd7 6.a4 e6 7.Be3 Ne7 8.Be2 b6 9.O-O O-O
10.Qd2 Nf6 11.Ng5 h6 12.Nh3 Bb7 13.Bf3 b5 14.Nf2 Qd7 15.Rfd1 Nh7 16.Be2 b4
17.Na2 a5 18.c3 f5 19.Bb5 Qd8 20.exf5 Nxf5 21.cxb4 Qh4 22.Rac1 Nxe3 23.Qxe3 Qxf4
24.Qxf4 Rxf4 25.Rxc7 Bd5 26.g3 Rxf2 27.Kxf2 Rf8+ 28.Ke2 Bxa2 29.bxa5 Ng5
30.Rf1 Ra8 31.Ke3 e5 32.dxe5 Bxe5 33.Rfc1 Be6 34.h4 Nh7 35.Re7 Bg4 36.Rf1 Bxb2
37.Re8+ Rxe8+ 38.Bxe8 Nf6 39.Bc6 Kf7 40.Rb1 Ba3 41.Rb8 Ke6 42.a6 Bc5+ 43.Kd2 d5
44.a7 Ne4+ 45.Kc2 Bxa7 46.Bd7+ Kd6 47.Bxg4 Bf2 48.a5 Kc6 49.a6 Nc5  1-0

[Event "Bad Ragaz"]
[Site "Bad Ragaz"]
[Date "1994.??.??"]
[Round "5"]
[White "Gallagher, Joseph G"]
[Black "Sutter, Oliver"]
[Result "1-0"]
[WhiteElo "2485"]
[BlackElo "2310"]

1.e4 g6 2.d4 Bg7 3.Nc3 d6 4.Be3 a6 5.f4 Nf6 6.Nf3 O-O 7.Qd2 b5 8.e5 dxe5
9.dxe5 Ng4 10.Bc5 Qxd2+ 11.Kxd2 Re8 12.h3 Nd7 13.Bg1 Nh6 14.a4 b4 15.Ne4 Bb7
16.Bd3 Rad8 17.Ke2 Nf5 18.Bf2 c5 19.b3 c4 20.bxc4 f6 21.e6 Nf8 22.Nc5 Bc8
23.g4 Nd6 24.f5 a5 25.Nd4 Nb7 26.Ncb3 Rd6 27.Be4  1-0

[Event "Badenweiler op"]
[Site "Badenweiler"]
[Date "1994.??.??"]
[Round "4"]
[White "Werner, Clemens"]
[Black "Sturua, Zurab"]
[Result "0-1"]
[WhiteElo "2305"]
[BlackElo "2550"]

1.e4 g6 2.d4 Bg7 3.Nc3 d6 4.f4 Nc6 5.Be3 Nf6 6.Be2 e6 7.Qd2 a6 8.O-O-O Ne7
9.Nh3 b5 10.Bf3 Bb7 11.Nf2 h5 12.g3 b4 13.Ne2 a5 14.Rhe1 Ra6 15.Ng1 Qa8 16.Qd3 d5
17.e5 Ne4 18.Ngh3 Nf5 19.Ng5 Nxg5 20.fxg5 Rc6 21.Qd2 Bf8 22.Nd3 Rc4 23.Nf4 Rc6
24.Kb1 Be7 25.Be2 Rb6 26.Nd3 Ba6 27.Bf2 a4 28.Nc5 Bxe2 29.Rxe2 Rb5 30.Rc1 Qa5
31.Nd3 Qb6 32.Ne1 c5 33.dxc5 Bxc5 34.Bxc5 Rxc5 35.Nf3 Rc4 36.c3 O-O 37.cxb4 Rxb4
38.Qc3 Rb8  0-1

[Event "EUCup Gr4"]
[Site "Balatonbereny"]
[Date "1994.??.??"]
[Round "?"]
[White "Tolnai, Tibor"]
[Black "Kosanski, Stanko"]
[Result "0-1"]
[WhiteElo "2520"]
[BlackElo "2440"]

1.e4 g6 2.d4 Bg7 3.Nc3 d6 4.Be3 c6 5.Qd2 b5 6.f3 Nd7 7.g4 Nb6 8.b3 a5 9.a4 b4
10.Nd1 d5 11.e5 f6 12.exf6 exf6 13.Bd3 Kf7 14.Ne2 Nd7 15.Nf2 Nf8 16.O-O-O Ne6
17.f4 Ne7 18.f5 Nc7 19.Ng3 Ne8 20.Qe2 Rf8 21.h4 gxf5 22.gxf5 Kg8 23.Rhg1 Kh8
24.Ng4 Rf7 25.Bh6 Ng8 26.Bf4 Bf8 27.Nh5 Ng7 28.Qg2 Bd6 29.Bxd6 Qxd6 30.Ngxf6 Bxf5
31.Bxf5 Nxf6 32.Nxg7 Rg8 33.Qd2 Rfxg7 34.Rxg7 Rxg7 35.Re1 Qg3 36.Qe3 Qxh4
37.Qe5 Qg3 38.Qxg3 Rxg3 39.Re6 Kg7 40.Rxc6 h5 41.Ra6 Rf3 42.Bc8 Ne4 43.Kd1 h4
44.Rxa5 h3 45.Bxh3 Rxh3 46.Ra8 Rh1+ 47.Ke2 Rh2+ 48.Kd1 Nc3+ 49.Kc1 Ne2+ 50.Kb2 Nxd4
51.Rc8 Kf6 52.a5 Ke5 53.a6 Rh7 54.Re8+ Kd6 55.c3 Rh2+  0-1

[Event "Balatonbereny op"]
[Site "Balatonbereny"]
[Date "1994.??.??"]
[Round "1"]
[White "Kosztolanczi, Gyula"]
[Black "Barlov, Dragan"]
[Result "1-0"]
[WhiteElo "2210"]
[BlackElo "2475"]

1.e4 g6 2.d4 Bg7 3.Nc3 d6 4.f4 c6 5.Nf3 Qb6 6.h3 Nf6 7.Be2 Nh5 8.O-O e5 9.fxe5 dxe5
10.Na4 Qa5 11.Ng5 Qxa4 12.Bxh5 Qxd4+ 13.Qxd4 exd4 14.Rxf7 Be5 15.Be2 h6 16.Bc4 hxg5
17.Bxg5 Bd6 18.e5 Bc5 19.e6 Na6 20.Raf1 Nb4 21.e7 Bf5 22.g4 d3+ 23.Kh2 Bd6+
24.Kg1 Bc5+ 25.Kh2 Bxg4 26.Rh7 Bd6+ 27.Kg2 Bxh3+ 28.Rxh3 Kd7 29.Rxh8 Rxh8
30.Rf7 Nd5 31.Bxd3 Ke6 32.Rf8 Rxf8 33.exf8=Q Bxf8 34.Bxg6 Be7 35.Bd2 Bd6
36.c4 Ne7 37.Bc2 Nf5 38.b3 Nd4  1-0

[Event "Balatonbereny op"]
[Site "Balatonbereny"]
[Date "1994.??.??"]
[Round "3"]
[White "Tamas, Norbert"]
[Black "Barlov, Dragan"]
[Result "1/2-1/2"]
[WhiteElo "2205"]
[BlackElo "2475"]

1.e4 g6 2.d4 Bg7 3.Nc3 d6 4.Be3 a6 5.f3 b5 6.Qd2 Bb7 7.g4 Nd7 8.h4 h6 9.Nh3 c5
10.dxc5 Nxc5 11.O-O-O Rc8 12.Bd4 e5 13.Bxc5 dxc5 14.Qxd8+ Rxd8 15.Rxd8+ Kxd8
16.a4 b4 17.Nd5 Ne7 18.Bc4 Nxd5 19.Bxd5 Bxd5 20.Rd1 Ke7 21.Rxd5 Rc8 22.Kd2 Ke6
23.c4 Bf6 24.Nf2 Be7 25.Nd3 Bd6 26.f4 f6 27.f5+ gxf5 28.exf5+ Kd7 29.Nf2 Kc6
30.Ne4 Be7 31.g5 hxg5 32.hxg5 fxg5 33.f6 Bf8 34.Rxe5 Kd7 35.Ke2 g4 36.Kf2 Rc6
37.Kg3 Bd6 38.Nxd6 Rxd6 39.Rf5 Ke8 40.Kxg4 Kf7 41.Rxc5 Kxf6 42.Kf4 Rd2 43.Rc6+ Ke7
44.Rxa6 Rxb2 45.Ke4 Rd2 46.Rb6 Kd7 47.a5 Kc7 48.c5 b3 49.a6 Ra2 50.Kd5 b2
51.Rb7+ Kc8 52.Rb3 Kc7 53.Rb6 Rxa6 54.Rxb2 Ra1 55.Rd2 Rc1 56.Rd3 Rh1 57.Rg3 Rd1+
58.Kc4  1/2-1/2

[Event "Balatonbereny op"]
[Site "Balatonbereny"]
[Date "1994.??.??"]
[Round "3"]
[White "Grabics, Monika"]
[Black "Kincs, Imre"]
[Result "0-1"]
[WhiteElo "2325"]
[BlackElo "2225"]

1.e4 g6 2.d4 Bg7 3.Nc3 d6 4.f4 a6 5.Nf3 b5 6.a3 Bb7 7.Bd3 c5 8.dxc5 dxc5
9.Be3 c4 10.Be2 Qxd1+ 11.Nxd1 Bxe4 12.a4 Nh6 13.axb5 axb5 14.Rxa8 Bxa8 15.b3 Bd5
16.Nd4 O-O 17.Nxb5 cxb3 18.cxb3 Nf5 19.O-O Nxe3 20.Nxe3 Bxb3 21.Rb1 Ba2 22.Rc1 Rd8
23.Rc7 Kf8 24.Ra7 Be6 25.Bf3 Bd7 26.Rb7 Na6 27.Rb6 Rb8 28.Rxa6 Bxb5 29.Ra3 Bd4
30.Kf2 Rc8 31.Kg3 h5 32.Rb3 Rc5 33.Nd5 e5 34.h3 h4+ 35.Kxh4 exf4 36.Kg4 Be5
37.Rb4 Kg7 38.Kh4 Kh6 39.Nxf4 Bxf4 40.Kg4 Bd6  0-1